NBA 2022 Playoffs Starters - Statistics

General Stats
  • This quiz has been taken 7,554 times
    6,732 since last reset
  • The average score is 54 of 80
Answer Stats
Team Player % Correct
Heat Jimmy Butler
98%
Celtics Jayson Tatum
96%
Bucks Giannis Antetokounmpo
95%
Nets Bruce Brown
94%
Celtics Jaylen Brown
94%
Heat Bam Adebayo
93%
76ers Joel Embiid
93%
Warriors Stephen Curry
93%
Nets Seth Curry
92%
Suns Devin Booker
91%
Warriors Draymond Green
91%
Grizzlies Ja Morant
91%
Bucks Jrue Holiday
91%
Nets Kevin Durant
91%
Mavericks Luka Dončić
91%
Hawks Trae Young
91%
Warriors Klay Thompson
90%
76ers Danny Green
89%
Nuggets Jeff Green
89%
Heat Kyle Lowry
89%
Nets Kyrie Irving
89%
Nuggets Nikola Jokić
89%
Bucks Brook Lopez
88%
76ers James Harden
88%
Bulls Patrick Williams
88%
Celtics Robert Williams
88%
Suns Chris Paul
87%
Celtics Al Horford
85%
Bulls DeMar DeRozan
85%
Jazz Rudy Gobert
85%
Bulls Zach LaVine
85%
Timberwolves Karl-Anthony Towns
84%
Celtics Marcus Smart
84%
Warriors Andrew Wiggins
83%
Suns Deandre Ayton
83%
Jazz Donovan Mitchell
83%
Grizzlies Jaren Jackson Jr.
82%
Raptors Pascal Siakam
82%
76ers Tyrese Maxey
82%
Timberwolves Anthony Edwards
81%
Warriors Kevon Looney
80%
Pelicans Brandon Ingram
77%
Grizzlies Desmond Bane
74%
Raptors Fred VanVleet
74%
76ers Tobias Harris
74%
Jazz Mike Conley
73%
Bulls Nikola Vučević
73%
Suns Mikal Bridges
70%
Grizzlies Dillon Brooks
64%
Hawks John Collins
64%
Pelicans Jonas Valančiūnas
63%
Nuggets Aaron Gordon
62%
Pelicans CJ McCollum
61%
Heat P.J. Tucker
59%
Timberwolves D'Angelo Russell
55%
Bucks Bobby Portis
53%
Raptors OG Anunoby
51%
Jazz Bojan Bogdanović
50%
Suns Jae Crowder
49%
Mavericks Jalen Brunson
49%
Bulls Alex Caruso
48%
Hawks De'Andre Hunter
48%
Mavericks Dorian Finney-Smith
48%
Mavericks Dwight Powell
48%
Heat Max Strus
45%
Pelicans Herbert Jones
43%
Hawks Kevin Huerter
40%
Raptors Gary Trent Jr.
35%
Timberwolves Patrick Beverley
31%
Nuggets Monte Morris
28%
Nets Andre Drummond
26%
Mavericks Reggie Bullock
25%
Jazz Royce O'Neale
23%
Grizzlies Xavier Tillman
23%
Timberwolves Jarred Vanderbilt
22%
Nuggets Will Barton
22%
Bucks Wesley Matthews
20%
Pelicans Jaxson Hayes
12%
Hawks Danilo Gallinari
11%
Raptors Khem Birch
7%
No matching quizzes found
Score Distribution
Percent of People with Each Score
Percentile by Number Answered
Your Score History
You have not taken this quiz since the last reset